000 00598nam a22001697a 4500
008 130821s1881 fr gr spa
040 _aCo-BoUCM
_bspa
041 0 0 _aspa
100 _aQuevedo Y VILLEGAS, Francisco De,1580-1645
_932999
245 0 0 _aObras serias de F. de Quevedo y Villegas
_cFrancisco de Quevedo y Villegas
260 _aParís (Francia)
_bLibrería de Garnier Hermanos
_c1881
300 _a529páginas
500 _aIncluye índice
650 0 4 _aLiteratura española
_97793
942 _cLIBRO
_a18
_e1
_mQ83O
_n0
_2DEWEY
_h863.3
999 _c87064
_d87064